<?xml version="1.0" encoding="UTF-8"?><?xml-stylesheet type="text/xsl" href="static/style.xsl"?><OAI-PMH xmlns="http://www.openarchives.org/OAI/2.0/" xmlns:xsi="http://www.w3.org/2001/XMLSchema-instance" xsi:schemaLocation="http://www.openarchives.org/OAI/2.0/ http://www.openarchives.org/OAI/2.0/OAI-PMH.xsd"><responseDate>2026-04-17T12:24:23Z</responseDate><request verb="GetRecord" identifier="oai:riubu.ubu.es:10259/9045" metadataPrefix="marc">https://riubu.ubu.es/oai/request</request><GetRecord><record><header><identifier>oai:riubu.ubu.es:10259/9045</identifier><datestamp>2024-05-29T09:43:40Z</datestamp><setSpec>com_10259_2699</setSpec><setSpec>col_10259_2713</setSpec></header><metadata><record xmlns="http://www.loc.gov/MARC21/slim" xmlns:doc="http://www.lyncode.com/xoai" xmlns:xsi="http://www.w3.org/2001/XMLSchema-instance" xmlns:dcterms="http://purl.org/dc/terms/" xsi:schemaLocation="http://www.loc.gov/MARC21/slim http://www.loc.gov/standards/marcxml/schema/MARC21slim.xsd">
<leader>00925njm 22002777a 4500</leader>
<datafield tag="042" ind1=" " ind2=" ">
<subfield code="a">dc</subfield>
</datafield>
<datafield tag="720" ind1=" " ind2=" ">
<subfield code="a">Sanz Camarero, Raquel</subfield>
<subfield code="e">author</subfield>
</datafield>
<datafield tag="260" ind1=" " ind2=" ">
<subfield code="c">2023</subfield>
</datafield>
<datafield tag="520" ind1=" " ind2=" ">
<subfield code="a">La sociedad del siglo XXI exige una educación integrada que transcienda a los límites disciplinares. Las artes permiten desarrollar una mirada humanizadora y crítica, sugiriendo una forma más holística de comprender la realidad. Así, la integración de las artes debe plantearse como un objetivo principal de la Educación Artística. Sin embargo, no existe un consenso sobre su verdadera integración. En esta tesis doctoral se presenta un estado de la cuestión del lugar que ocupan las artes en la educación integrada y se estudia su función cuando participan en propuestas educativas integradas, poniéndose de manifiesto su instrumentalización e infravaloración, más acentuadas en propuestas de enfoque STEAM, sobre el cual se profundiza. Por último, se aportan ejemplos de propuestas didácticas con una integración auténtica de las artes. Esta tesis abre una conversación sobre un vacío en la literatura, siendo inspiración para cambiar el papel de las artes en la educación integrada.</subfield>
</datafield>
<datafield tag="520" ind1=" " ind2=" ">
<subfield code="a">The society of the 21st century demands an integrated education that transcends disciplinary boundaries. The arts allow to develop a humanizing and critical view, suggesting a more holistic way of understanding reality. Thus, arts integration should be considered as a main objective of Arts Education. However, there is no consensus on its true integration. In this doctoral thesis a state of the question of the place of the arts in integrated education is presented, their role is studied when they participate in integrated educational proposals, highlighting their instrumentalization and undervaluation, more accentuated in STEAM approach proposals, on which it is deepened. Finally, examples of didactic proposals with an authentic arts integration are provided. This thesis opens a conversation about a gap in the literature, being inspiration to change the role of the arts in integrated education.</subfield>
</datafield>
<datafield tag="024" ind2=" " ind1="8">
<subfield code="a">http://hdl.handle.net/10259/9045</subfield>
</datafield>
<datafield tag="024" ind2=" " ind1="8">
<subfield code="a">10.36443/10259/9045</subfield>
</datafield>
<datafield ind1=" " ind2=" " tag="653">
<subfield code="a">Educación integrada</subfield>
</datafield>
<datafield ind1=" " ind2=" " tag="653">
<subfield code="a">Educación artística</subfield>
</datafield>
<datafield ind1=" " ind2=" " tag="653">
<subfield code="a">Integración de las artes</subfield>
</datafield>
<datafield ind1=" " ind2=" " tag="653">
<subfield code="a">Estado de la cuestión</subfield>
</datafield>
<datafield ind1=" " ind2=" " tag="653">
<subfield code="a">Educación STEAM integrada</subfield>
</datafield>
<datafield ind1=" " ind2=" " tag="653">
<subfield code="a">Integrated education</subfield>
</datafield>
<datafield ind1=" " ind2=" " tag="653">
<subfield code="a">Artistic education</subfield>
</datafield>
<datafield ind1=" " ind2=" " tag="653">
<subfield code="a">Arts integration</subfield>
</datafield>
<datafield ind1=" " ind2=" " tag="653">
<subfield code="a">State of the question</subfield>
</datafield>
<datafield ind1=" " ind2=" " tag="653">
<subfield code="a">Integrated STEAM education</subfield>
</datafield>
<datafield tag="245" ind1="0" ind2="0">
<subfield code="a">Aportes para cambiar el papel de las artes en la educación integrada: análisis, reflexiones y propuestas didácticas</subfield>
</datafield>
</record></metadata></record></GetRecord></OAI-PMH>